000 00474nam a2200193Ia 4500
005 20250603145350.0
008 250603s9999 xx 000 0 und d
020 _a9781292160764
050 _aQR 41.2 .B38/
100 _aBauman, Robert W.
245 0 _aMicrobiology with diseases by taxonomy
250 _a5th ed.
260 _aUnited Kingdom
260 _bPearson Education Ltd.
260 _c2017
300 _a905 p
650 _aUnited Kingdom
942 _cBK
999 _c41650
_d41650